| 000 | 01027nas a2200289 4500 | ||
|---|---|---|---|
| 001 | BR2021000442 | ||
| 003 | BR-BrBNA | ||
| 005 | 20231205132201.0 | ||
| 007 | ta | ||
| 008 | 230509b bl.|||p| |||| 00| 00por d | ||
| 040 |
_aBR-BrBNA _bpor _cBiblioteca Nacional de Agricultura |
||
| 041 | _a(En) | ||
| 072 | _aK50 | ||
| 100 | 1 | _aMendoza, Z.M. dos S.H. de | |
| 100 | 1 | _aBorges, P.H. de M. | |
| 100 | 1 | _aMorais, P.H. de M. | |
| 100 | 1 | _aElias, M.P. dos S. | |
| 245 | 1 | _aUse of beta regression to estimate the volumetric yield coefficient in logs of native species of the legal amazon | |
| 650 | _aPLANEJAMENTO FLORESTAL | ||
| 650 | _aMADEIRA SERRADA | ||
| 650 | _aVOLUME | ||
| 773 | 0 |
_tNativa. Pesquisas Agrárias e Ambientais (Brazil) _xISSN 2318-7670 _g(May-Jun 2019), v. 7(3) p. 323-329 _wBR2021000442 |
|
| 856 | 4 | 0 | _uhttps://periodicoscientificos.ufmt.br/ojs/index.php/nativa/article/view/6834/5587 |
| 856 | 4 | 0 | _dLink DSPACE/MAPA BR2021000442 |
| 909 |
_a202311 _bLúcia _c55 _dLúcia Elande |
||
| 942 |
_2AGRIS _n0 _cANA |
||
| 999 |
_c258947 _d258947 |
||